[Event "European Youth Chess Championship B10"]
[Site "Prague, Top Hotel Prague"]
[Date "2016.08.18"]
[Round "1.45"]
[White "Guri, Adrian"]
[Black "Caliskan, Seha"]
[Result "0-1"]
[WhiteElo "1202"]
[BlackElo "1645"]
[PlyCount "64"]
[EventDate "2016.08.18"]

1. d4 d5 2. c3 Nf6 3. g3 c6 4. Bg2 Bf5 5. f3 e6 6. Nh3 Bd6 7. Nf2 Bc7 8. O-O h6
9. Na3 Nbd7 10. e4 Bg6 11. Nc2 O-O 12. Be3 Nb6 13. b3 a5 14. a4 Nbd7 15. Qd2
Rc8 16. Rab1 b5 17. Rb2 Nb6 18. Qe2 bxa4 19. bxa4 Nxa4 20. Rb3 Rb8 21. Rfb1 Qe7
22. Rxb8 Rxb8 23. Rxb8+ Bxb8 24. Qd2 Qb7 25. e5 Nd7 26. Nd1 Qb1 27. Ne1 Ba7 28.
Qc1 Qxc1 29. Bxc1 Nxe5 30. Kf1 Nc4 31. f4 c5 32. dxc5 Bxc5 0-1

[Event "European Youth Chess Championship B10"]
[Site "Prague, Top Hotel Prague"]
[Date "2016.08.18"]
[Round "1.46"]
[White "Silich, Yahor"]
[Black "Zlatkov, Anton"]
[Result "1-0"]
[WhiteElo "1639"]
[BlackElo "1196"]
[PlyCount "38"]
[EventDate "2016.08.18"]

1. e4 e6 2. d3 d5 3. Nd2 c5 4. Ngf3 Nc6 5. g3 Nf6 6. Bg2 Be7 7. O-O b5 8. exd5
Nxd5 9. c4 bxc4 10. dxc4 Ba6 11. Qa4 Qb6 12. Ne5 Rc8 13. Nxc6 Qxc6 14. Qxc6+
Rxc6 15. cxd5 exd5 16. Re1 Rd6 17. Nb3 c4 18. Bf4 Rb6 19. Nd4 Kd7 1-0

[Event "European Youth Chess Championship B10"]
[Site "Prague, Top Hotel Prague"]
[Date "2016.08.18"]
[Round "1.47"]
[White "Michaelides, Alexandros"]
[Black "Eilenberg, Jonas"]
[Result "0-1"]
[WhiteElo "1177"]
[BlackElo "1634"]
[PlyCount "50"]
[EventDate "2016.08.18"]

1. d4 d5 2. Nf3 c6 3. e3 Bf5 4. Bd3 Bg6 5. c3 e6 6. Qc2 Bd6 7. Nbd2 Nf6 8. O-O
O-O 9. e4 dxe4 10. Nxe4 Nxe4 11. Bxe4 Qc7 12. Re1 Nd7 13. Bd2 c5 14. Rac1 Rac8
15. Qb1 Nf6 16. Bxg6 hxg6 17. Ne5 Bxe5 18. dxe5 Nd7 19. Bf4 c4 20. Rcd1 Nc5 21.
Rd6 Nd3 22. Rd1 Nxf4 23. Rd7 Qc6 24. f3 Qc5+ 25. Kh1 Nd3 0-1

[Event "European Youth Chess Championship B10"]
[Site "Prague, Top Hotel Prague"]
[Date "2016.08.18"]
[Round "1.48"]
[White "Han, Yichen"]
[Black "Shelukhin, Ivan"]
[Result "1-0"]
[WhiteElo "1627"]
[BlackElo "1158"]
[PlyCount "41"]
[EventDate "2016.08.18"]

1. e4 e5 2. Nf3 Nc6 3. Bc4 Bc5 4. c3 Nf6 5. d4 exd4 6. cxd4 Bb4+ 7. Nc3 Nxe4 8.
O-O Bxc3 9. d5 Ne7 10. bxc3 Nd6 11. Bb3 O-O 12. Bg5 h6 13. Bf4 Ne4 14. Qd4 Nf6
15. d6 Nc6 16. Qd3 cxd6 17. Bxd6 Re8 18. Rfe1 Na5 19. Bc2 b6 20. Rxe8+ Nxe8 21.
Qh7# 1-0

[Event "European Youth Chess Championship B10"]
[Site "Prague, Top Hotel Prague"]
[Date "2016.08.18"]
[Round "1.49"]
[White "Fleri, Luke"]
[Black "Zachary, Bastian"]
[Result "0-1"]
[WhiteElo "1145"]
[BlackElo "1621"]
[PlyCount "72"]
[EventDate "2016.08.18"]

1. e4 e5 2. Nf3 Nc6 3. Nc3 Nf6 4. Bb5 a6 5. Bxc6 dxc6 6. O-O Bd6 7. d3 Bg4 8.
h3 Bh5 9. Bg5 h6 10. Bh4 O-O 11. Re1 Re8 12. Re3 Bc5 13. Re1 Qd6 14. g4 Bg6 15.
Qd2 Nh7 16. g5 h5 17. Ne2 Nf8 18. Ng3 Ne6 19. c3 Rad8 20. Red1 Nf4 21. Ne1
Nxh3+ 22. Kg2 Nxf2 23. Rdc1 Nxe4 24. Nxe4 Bxe4+ 25. Nf3 Qxd3 26. Qxd3 Rxd3 27.
Rf1 Rxf3 28. Rxf3 Bxf3+ 29. Kxf3 e4+ 30. Ke2 e3 31. Rd1 Re4 32. Bg3 Rg4 33.
Bxc7 Rg2+ 34. Kf3 Rf2+ 35. Ke4 e2 36. Re1 h4 0-1

[Event "European Youth Chess Championship B10"]
[Site "Prague, Top Hotel Prague"]
[Date "2016.08.18"]
[Round "1.50"]
[White "Pidluznij, Gleb"]
[Black "Simon, Leonard"]
[Result "1-0"]
[WhiteElo "1617"]
[BlackElo "1135"]
[PlyCount "65"]
[EventDate "2016.08.18"]

1. d4 Nf6 2. Nf3 g6 3. Bg5 Bg7 4. Nbd2 O-O 5. c3 d6 6. e4 Bg4 7. Bc4 Nc6 8. O-O
h6 9. Bh4 Re8 10. Qe2 e6 11. e5 dxe5 12. dxe5 Nxe5 13. Qxe5 c6 14. Bxf6 Bxf6
15. Qf4 h5 16. Ne4 e5 17. Qxf6 Qxf6 18. Nxf6+ Kf8 19. Nxe8 Rxe8 20. Ne1 Bf3 21.
gxf3 b5 22. Bb3 a5 23. a4 bxa4 24. Rxa4 Rb8 25. Ra3 Rb5 26. Ba4 Rc5 27. b4 axb4
28. cxb4 Rd5 29. Bxc6 Rd6 30. b5 Re6 31. Rb3 Ke7 32. b6 Rxc6 33. b7 1-0

[Event "European Youth Chess Championship B10"]
[Site "Prague, Top Hotel Prague"]
[Date "2016.08.18"]
[Round "1.51"]
[White "Thoreux-Josso, Aaron"]
[Black "Samadov, Read"]
[Result "0-1"]
[WhiteElo "1124"]
[BlackElo "1611"]
[PlyCount "66"]
[EventDate "2016.08.18"]

1. e4 c5 2. Nc3 d6 3. f4 Nc6 4. Nf3 g6 5. Bb5 Bd7 6. Bxc6 Bxc6 7. O-O Bg7 8. d3
e6 9. f5 gxf5 10. exf5 e5 11. Bd2 Nf6 12. Qc1 Qe7 13. a3 Rg8 14. Bg5 O-O-O 15.
b4 h6 16. Bh4 d5 17. b5 Be8 18. a4 Qc7 19. Bxf6 Bxf6 20. Qxh6 Qe7 21. Qd2 e4
22. Rfe1 Qf8 23. dxe4 dxe4 24. Qe3 exf3 25. Qxf3 Rd2 26. Ne4 Rdxg2+ 27. Kh1
Rxh2+ 28. Kxh2 Rh8+ 29. Qh3 Be5+ 30. Ng3 Bxg3+ 31. Kg2 Bxe1 32. Kh2 Bg3+ 33.
Kg2 Be5 0-1

[Event "European Youth Chess Championship B10"]
[Site "Prague, Top Hotel Prague"]
[Date "2016.08.18"]
[Round "1.52"]
[White "Akin, Yagiz Cinar"]
[Black "Pilalis, Ernestos"]
[Result "1-0"]
[WhiteElo "1607"]
[BlackElo "1107"]
[PlyCount "27"]
[EventDate "2016.08.18"]

1. e4 c5 2. c3 Nc6 3. d4 cxd4 4. cxd4 e6 5. Nc3 Nf6 6. Nf3 Be7 7. Be2 O-O 8. d5
exd5 9. exd5 Nb4 10. a3 Qa5 11. Bc4 Re8 12. O-O b6 13. d6 Bd8 14. b3 {
score-sheet un-readable} 1-0

[Event "European Youth Chess Championship B10"]
[Site "Prague, Top Hotel Prague"]
[Date "2016.08.18"]
[Round "1.53"]
[White "Kien, Lancelot"]
[Black "Pedmanson, Albert"]
[Result "0-1"]
[WhiteElo "1107"]
[BlackElo "1602"]
[PlyCount "32"]
[EventDate "2016.08.18"]

1. e4 e5 2. Nf3 Nc6 3. Nc3 Nf6 4. Bb5 a6 5. Bxc6 dxc6 6. d4 exd4 7. Nxd4 Bb4 8.
Bg5 h6 9. Bh4 Be7 10. O-O Bd7 11. Re1 g5 12. Bg3 O-O 13. Re3 Bc5 14. Re2 Bg4
15. f3 Bxd4+ 16. Bf2 Bxf2+ 0-1

[Event "European Youth Chess Championship B10"]
[Site "Prague, Top Hotel Prague"]
[Date "2016.08.18"]
[Round "1.54"]
[White "Kolchin, Maxim"]
[Black "Tajovsky, Simon"]
[Result "1-0"]
[WhiteElo "1590"]
[BlackElo "1106"]
[PlyCount "83"]
[EventDate "2016.08.18"]

1. d4 Nf6 2. Bf4 e6 3. e3 Bb4+ 4. c3 Be7 5. h3 O-O 6. Nf3 c5 7. Be2 d5 8. Nbd2
Nc6 9. O-O b6 10. Bh2 Bb7 11. Ne5 Nxe5 12. dxe5 Nd7 13. f4 Qc7 14. Nf3 Rfd8 15.
Qc2 Nf8 16. Bd3 Ng6 17. g4 c4 18. Be2 Bc5 19. Nd4 Be7 20. Bf3 Ba6 21. Bg2 Rab8
22. Kh1 b5 23. f5 exf5 24. Qxf5 Rf8 25. e6 Bd6 26. Bxd6 Qxd6 27. exf7+ Kh8 28.
Bxd5 Rbd8 29. e4 Qg3 30. Rf3 Qh4 31. Ne6 Bc8 32. Rg1 Ne7 33. Qg5 Qxg5 34. Nxg5
Nxd5 35. exd5 Rxd5 36. Re1 Bd7 37. Rfe3 Bc6 38. Kg1 Rdd8 39. Ne6 Rc8 40. Nxf8
Rxf8 41. Re8 Bxe8 42. fxe8=Q 1-0

[Event "European Youth Chess Championship B10"]
[Site "Prague, Top Hotel Prague"]
[Date "2016.08.18"]
[Round "1.55"]
[White "Ruggiero, Alessandro"]
[Black "Merts, Dmitrii"]
[Result "0-1"]
[WhiteElo "1102"]
[BlackElo "1590"]
[PlyCount "78"]
[EventDate "2016.08.18"]

1. e4 c5 2. Nf3 e6 3. d4 cxd4 4. Nxd4 a6 5. Nc3 Qc7 6. Be3 Nf6 7. Bg5 Bb4 8.
Qd2 Nxe4 9. Bf4 d6 10. Qd3 Nxc3 11. bxc3 Bxc3+ 12. Bd2 Bxa1 13. Be2 Nc6 14.
Nxc6 bxc6 15. O-O Bf6 16. Rb1 Bd7 17. Qg3 O-O 18. Bf4 e5 19. Bd2 Rfb8 20. Rxb8+
Rxb8 21. Bxa6 Rb1+ 22. Bf1 c5 23. f3 Bb5 24. Be1 Bxf1 25. Kxf1 e4 26. fxe4 Bc3
27. Qxc3 Qb6 28. Ke2 Qb5+ 29. Kd2 Qf1 30. Bg3 Rb4 31. Bxd6 Rd4+ 32. Ke3 Rxd6
33. Qxc5 Qg1+ 34. Kf4 Qxc5 35. Kf3 Rf6+ 36. Kg3 Qf2+ 37. Kh3 Rh6+ 38. Kg4 Rh4+
39. Kg5 Qf4# 0-1

[Event "European Youth Chess Championship B10"]
[Site "Prague, Top Hotel Prague"]
[Date "2016.08.18"]
[Round "1.56"]
[White "Hlavina, Matous"]
[Black "Gotsiridze, Davit"]
[Result "0-1"]
[WhiteElo "1586"]
[BlackElo "1075"]
[PlyCount "120"]
[EventDate "2016.08.18"]

1. e4 c5 2. Nf3 Nc6 3. d4 cxd4 4. Nxd4 e5 5. Nb3 Nf6 6. Nc3 Bb4 7. Bd2 Bxc3 8.
Bxc3 Nxe4 9. Bc4 Nxc3 10. bxc3 O-O 11. O-O Qh4 12. Bd5 Qd8 13. Qe2 d6 14. Rad1
Qe7 15. Rfe1 Re8 16. Qf3 Bd7 17. Re3 Rac8 18. Qh5 g6 19. Qh6 Bf5 20. Rd2 Red8
21. h4 Qf8 22. Qg5 Qg7 23. Rg3 Rd7 24. h5 Ne7 25. h6 Qf8 26. Qf6 Nxd5 27. Qxf5
Nb6 28. Qh3 Qe7 29. Rgd3 Nc4 30. Re2 Rcc7 31. f4 e4 32. Rd4 d5 33. f5 Ne5 34.
fxg6 fxg6 35. Nd2 Rd6 36. Qg3 Nc6 37. Rexe4 dxe4 38. Rxd6 e3 39. Nf3 e2 40. Rd3
Rd7 41. Qf2 Ne5 42. Nxe5 Qxe5 43. Qe1 Rxd3 44. cxd3 Qe3+ 45. Kh1 Qxd3 46. Kh2
Qd1 47. Qg3 e1=Q 48. Qb8+ Kf7 49. Qxb7+ Qe7 50. Qxe7+ Kxe7 51. Kg3 Qd3+ 52. Kf2
Qxc3 53. Kg1 Qb2 54. Kh1 Qxa2 55. g4 a5 56. g5 a4 57. Kg1 Qb2 58. Kh1 a3 59.
Kg1 a2 60. Kh1 a1=Q# 0-1

[Event "European Youth Chess Championship B10"]
[Site "Prague, Top Hotel Prague"]
[Date "2016.08.18"]
[Round "1.57"]
[White "Dieguez, Novoa Benjamin"]
[Black "Werner, Hong Quan Dan"]
[Result "0-1"]
[WhiteElo "1068"]
[BlackElo "1586"]
[PlyCount "68"]
[EventDate "2016.08.18"]

1. e4 e5 2. Nf3 Nc6 3. Bc4 Bc5 4. c3 Nf6 5. d4 exd4 6. cxd4 Bb4+ 7. Nc3 Nxe4 8.
O-O Bxc3 9. bxc3 O-O 10. Qd3 d5 11. Bb3 Bf5 12. Nd2 Nxd2 13. Qxd2 Qd7 14. Qe3
Rfe8 15. Qg3 Re6 16. Bd1 Rg6 17. Bg5 f6 18. h4 fxg5 19. hxg5 Qe7 20. Bh5 Rxg5
21. Qh2 Qd6 22. Qh4 Qh6 23. c4 Rxh5 24. Qxh5 Qxh5 25. f3 Nxd4 26. cxd5 Bd3 27.
Rfd1 Ne2+ 28. Kf2 Qh4+ 29. Kf1 Nc3+ 30. Rxd3 Qh1+ 31. Kf2 Qxa1 32. d6 Nd5 33.
d7 Qxa2+ 34. Kg3 Qc4 0-1

[Event "European Youth Chess Championship B10"]
[Site "Prague, Top Hotel Prague"]
[Date "2016.08.19"]
[Round "2.1"]
[White "Makoveev, Ilya"]
[Black "Wojdak, Jan"]
[Result "1-0"]
[WhiteElo "2186"]
[BlackElo "1681"]
[PlyCount "53"]
[EventDate "2016.08.18"]

1. e4 c5 2. Nf3 Nc6 3. Bb5 d6 4. O-O Bd7 5. Re1 Nf6 6. c3 a6 7. Bf1 Bg4 8. h3
Bh5 9. g4 Bg6 10. d4 cxd4 11. cxd4 e5 12. Nc3 Be7 13. d5 Nb8 14. Be3 O-O 15.
Nd2 h5 16. f3 Nfd7 17. Qb3 b5 18. a4 Bh4 19. Re2 hxg4 20. fxg4 Bg5 21. axb5
Bxe3+ 22. Rxe3 Nc5 23. Qd1 Qg5 24. Qe1 f5 25. Nf3 Qf4 26. exf5 e4 27. Nh4 1-0

[Event "European Youth Chess Championship B10"]
[Site "Prague, Top Hotel Prague"]
[Date "2016.08.19"]
[Round "2.2"]
[White "Palchuk, Andrii"]
[Black "Murzin, Volodar"]
[Result "0-1"]
[WhiteElo "1649"]
[BlackElo "2080"]
[PlyCount "58"]
[EventDate "2016.08.18"]

1. d4 Nf6 2. Nc3 d5 3. Bg5 e6 4. e4 Be7 5. e5 Nfd7 6. Bxe7 Qxe7 7. Nf3 a6 8. h4
c5 9. dxc5 Nc6 10. Qe2 Nxc5 11. h5 b5 12. a3 Bb7 13. g4 Rc8 14. Rh3 d4 15. Na2
d3 16. cxd3 Nb3 17. Rb1 Ncd4 18. Nxd4 Nxd4 19. Qd2 Nf3+ 20. Rxf3 Bxf3 21. Qf4
Bb7 22. Be2 h6 23. Nc3 O-O 24. Bf3 Bxf3 25. Qxf3 b4 26. axb4 Qxb4 27. Ke2 Rxc3
28. g5 Rc2+ 29. Kf1 Qd2 0-1

[Event "European Youth Chess Championship B10"]
[Site "Prague, Top Hotel Prague"]
[Date "2016.08.19"]
[Round "2.3"]
[White "Kostolansky, Sebastian Lukas"]
[Black "Bui, Bao Anh Le"]
[Result "1-0"]
[WhiteElo "2015"]
[BlackElo "1659"]
[PlyCount "75"]
[EventDate "2016.08.18"]

1. e4 c5 2. Nf3 d6 3. Bb5+ Bd7 4. c4 Nf6 5. Nc3 g6 6. d4 cxd4 7. Nxd4 a6 8.
Bxd7+ Nbxd7 9. O-O Bg7 10. b3 O-O 11. Bb2 Qa5 12. Qe2 Rfc8 13. Rad1 Ne5 14. Nd5
Kf8 15. Bc3 Qd8 16. f4 Ned7 17. Nxf6 Nxf6 18. e5 Ne8 19. f5 Bxe5 20. Ne6+ fxe6
21. Bxe5 exf5 22. Qd2 Kg8 23. Qd5+ Kf8 24. Bc3 e5 25. Qxb7 Qc7 26. Qf3 a5 27.
Bd2 a4 28. g4 f4 29. Bxf4 exf4 30. Qxf4+ Ke7 31. Qg5+ Nf6 32. Qxf6+ Kd7 33.
Qf7+ Kc6 34. Qd5+ Kb6 35. Qb5+ Ka7 36. Qxa4+ Kb8 37. Qb4+ Ka7 38. Rxd6 1-0

[Event "European Youth Chess Championship B10"]
[Site "Prague, Top Hotel Prague"]
[Date "2016.08.19"]
[Round "2.4"]
[White "Caliskan, Seha"]
[Black "Maneluk, Daniil"]
[Result "1/2-1/2"]
[WhiteElo "1645"]
[BlackElo "1991"]
[PlyCount "102"]
[EventDate "2016.08.18"]

1. d4 e6 2. Nf3 c5 3. c3 d5 4. Bg5 Qb6 5. Qb3 Qxb3 6. axb3 Bd7 7. e3 Nc6 8. Bd3
Bd6 9. Nbd2 Nge7 10. O-O O-O 11. e4 f6 12. Be3 cxd4 13. Nxd4 Nxd4 14. Bxd4 e5
15. Bxa7 Nc6 16. Bb6 d4 17. Bc4+ Kh8 18. Bb5 Rxa1 19. Rxa1 Nb8 20. Ba4 Bxa4 21.
Rxa4 Nd7 22. Ba7 Ra8 23. Ra5 Bc5 24. Rxc5 Nxc5 25. Bxc5 Ra1+ 26. Nf1 d3 27. Be3
Rb1 28. b4 Rxb2 29. Bd2 b5 30. f3 Kg8 31. Kf2 Kf7 32. g4 Ke6 33. Ke3 Rb1 34.
Ng3 g6 35. Kxd3 Kd6 36. Kc2 Rg1 37. Kd3 Rg2 38. Be3 Rxh2 39. Ne2 Rg2 40. Nc1 h5
41. gxh5 gxh5 42. Ne2 h4 43. Ng1 Rh2 44. f4 h3 45. Bc5+ Kc7 46. fxe5 fxe5 47.
Nf3 Rg2 48. c4 bxc4+ 49. Kxc4 Rg3 50. Nh2 Rg2 51. Nf3 Rg3 1/2-1/2

[Event "European Youth Chess Championship B10"]
[Site "Prague, Top Hotel Prague"]
[Date "2016.08.19"]
[Round "2.5"]
[White "Ponomarev, Grigori"]
[Black "Aslanov, Umid"]
[Result "1-0"]
[WhiteElo "1978"]
[BlackElo "1651"]
[PlyCount "52"]
[EventDate "2016.08.18"]

1. d4 d5 2. Nf3 Nf6 3. Bf4 e6 4. e3 Bd6 5. Bg3 O-O 6. Bd3 b6 7. Ne5 Bb7 8. Nd2
c5 9. c3 c4 10. Bc2 b5 11. O-O a5 12. f4 b4 13. Qf3 Ra7 14. Bh4 Be7 15. f5 Bc8
16. Bxf6 Bxf6 17. Ng4 Bg5 18. f6 g6 19. h4 Bxh4 20. Qf4 g5 21. Qxb8 Rc7 22. Qb6
Qd7 23. Ne5 Qd8 24. Ndf3 Bg3 25. Nxg5 h6 26. Bh7+ Kh8 1-0

[Event "European Youth Chess Championship B10"]
[Site "Prague, Top Hotel Prague"]
[Date "2016.08.19"]
[Round "2.6"]
[White "Eilenberg, Jonas"]
[Black "Razafindratsima, Timothe"]
[Result "0-1"]
[WhiteElo "1634"]
[BlackElo "1938"]
[PlyCount "160"]
[EventDate "2016.08.18"]

1. d4 Nf6 2. c4 g6 3. Nc3 d5 4. cxd5 Nxd5 5. e4 Nxc3 6. bxc3 Bg7 7. Qa4+ Nd7 8.
Nf3 O-O 9. Be2 c5 10. Be3 cxd4 11. cxd4 Nf6 12. Bd3 Bd7 13. Qa3 e6 14. O-O Bc6
15. Nd2 Ng4 16. e5 Nxe3 17. fxe3 Qg5 18. Be4 Rfd8 19. Bxc6 bxc6 20. Ne4 Qg4 21.
Nd6 Bf8 22. Rab1 Rd7 23. Rbc1 Bxd6 24. exd6 Qe4 25. Rc5 Rb8 26. Re5 Qc2 27. Qc5
Qxc5 28. dxc5 Rb2 29. Rf2 Rb1+ 30. Rf1 Rb4 31. Rf4 Rb5 32. a4 Rb3 33. Rd4 Kg7
34. Ree4 a5 35. Rc4 h5 36. Rc2 g5 37. Kf2 Kf6 38. Rd4 e5 39. Rdd2 Ke6 40. e4
Rb4 41. Ke3 Rxa4 42. Ra2 Rxa2 43. Rxa2 Ra7 44. h3 a4 45. g4 hxg4 46. hxg4 Ra5
47. Rd2 Kd7 48. Ra2 Rxc5 49. Rxa4 Kxd6 50. Ra2 Rc3+ 51. Kf2 Rb3 52. Rd2+ Kc7
53. Ke2 Rg3 54. Kf2 Rxg4 55. Kf3 Rf4+ 56. Ke3 g4 57. Ra2 Rf3+ 58. Ke2 c5 59.
Ra7+ Kb6 60. Re7 f6 61. Rg7 Rf4 62. Ke3 Kb5 63. Rb7+ Kc4 64. Rb1 Rf3+ 65. Ke2
Kd4 66. Rc1 c4 67. Rg1 Rf4 68. Rc1 Rxe4+ 69. Kf2 c3 70. Kg3 Kd3 71. Rd1+ Ke2
72. Rc1 Kd2 73. Rxc3 Kxc3 74. Kg2 Re3 75. Kh1 Re2 76. Kg1 Kd3 77. Kh1 Ke3 78.
Kg1 Kf3 79. Kf1 g3 80. Kg1 Re1# 0-1

[Event "European Youth Chess Championship B10"]
[Site "Prague, Top Hotel Prague"]
[Date "2016.08.19"]
[Round "2.7"]
[White "Zachary, Bastian"]
[Black "Siniauski, Artsiom"]
[Result "0-1"]
[WhiteElo "1621"]
[BlackElo "1840"]
[PlyCount "76"]
[EventDate "2016.08.18"]

1. d4 Nf6 2. Nf3 d5 3. Bf4 g6 4. e3 Bg7 5. c4 c6 6. Nc3 O-O 7. h3 Ne4 8. Qb3
Nxc3 9. bxc3 b6 10. cxd5 cxd5 11. Bd3 Nc6 12. O-O Bb7 13. Rfe1 Rc8 14. Rac1 Na5
15. Qb4 Nc4 16. e4 dxe4 17. Bxe4 Bxe4 18. Rxe4 e6 19. Ne5 a5 20. Qb5 Nd6 21.
Qd3 Nxe4 22. Qxe4 Bxe5 23. Bxe5 f6 24. Bf4 Qd5 25. Qe2 Rc6 26. Be3 Rfc8 27. Qb2
b5 28. a3 Rc4 29. Bd2 Qc6 30. Rb1 b4 31. axb4 axb4 32. Qb3 bxc3 33. Be3 c2 34.
Rc1 Rc3 35. Qb4 Qe4 36. Bh6 R3c7 37. Qd6 g5 38. g3 Kf7 0-1

[Event "European Youth Chess Championship B10"]
[Site "Prague, Top Hotel Prague"]
[Date "2016.08.19"]
[Round "2.9"]
[White "Samadov, Read"]
[Black "Mizrahi, Ido"]
[Result "1/2-1/2"]
[WhiteElo "1611"]
[BlackElo "1827"]
[PlyCount "65"]
[EventDate "2016.08.18"]

1. e4 e5 2. Nf3 Nc6 3. Bb5 a6 4. Ba4 Nf6 5. d3 b5 6. Bb3 Bc5 7. O-O d6 8. c3
O-O 9. Nbd2 Bb6 10. Re1 h6 11. Nf1 Ne7 12. d4 Ng6 13. Ng3 c5 14. d5 c4 15. Bc2
Ng4 16. Be3 Nf4 17. Bxb6 Qxb6 18. Qd2 Bd7 19. h3 Nf6 20. Qe3 Qc7 21. Ne2 N6h5
22. Nxf4 Nxf4 23. Nh2 Kh7 24. Rad1 Rg8 25. Kh1 Raf8 26. Nf1 g6 27. g4 Rg7 28.
Nh2 Rfg8 29. Rg1 Qd8 30. Rg3 Qf8 31. Rdg1 Kh8 32. Qe1 f5 33. f3 1/2-1/2

[Event "European Youth Chess Championship B10"]
[Site "Prague, Top Hotel Prague"]
[Date "2016.08.19"]
[Round "2.10"]
[White "Pasztor, Balazs"]
[Black "Silich, Yahor"]
[Result "1/2-1/2"]
[WhiteElo "1825"]
[BlackElo "1639"]
[PlyCount "54"]
[EventDate "2016.08.18"]

1. e4 c5 2. Nf3 a6 3. c3 d5 4. exd5 Qxd5 5. d4 Bg4 6. Be2 e6 7. Be3 cxd4 8.
cxd4 Nf6 9. h3 Bh5 10. a3 Nc6 11. Nc3 Qd8 12. O-O Be7 13. g4 Bg6 14. Ne5 Qc7
15. Rc1 O-O 16. Nxc6 bxc6 17. Bf3 Rfc8 18. b4 Rab8 19. Qa4 h6 20. Bg2 a5 21.
bxa5 Ra8 22. d5 Rxa5 23. Qxc6 Qxc6 24. dxc6 Bxa3 25. Ra1 Bb4 26. Rxa5 Bxa5 27.
Rc1 Bxc3 1/2-1/2

[Event "European Youth Chess Championship B10"]
[Site "Prague, Top Hotel Prague"]
[Date "2016.08.19"]
[Round "2.11"]
[White "Pedmanson, Albert"]
[Black "Maurizzi, Marc Andria"]
[Result "1-0"]
[WhiteElo "1602"]
[BlackElo "1824"]
[PlyCount "89"]
[EventDate "2016.08.18"]

1. e4 c5 2. c3 d5 3. exd5 Qxd5 4. d4 cxd4 5. cxd4 Nc6 6. Nf3 e5 7. Nc3 Bb4 8.
Bd2 Bxc3 9. Bxc3 e4 10. Ne5 Nxe5 11. dxe5 Ne7 12. Qc2 O-O 13. Rd1 Qxa2 14. Bb4
Qe6 15. Qc5 Ng6 16. Bc4 Qg4 17. Qc7 Be6 18. Bxf8 Rxf8 19. Bxe6 Qxe6 20. Rd8
Rxd8 21. Qxd8+ Nf8 22. O-O Qxe5 23. b4 Qc3 24. Qe7 a5 25. bxa5 Qxa5 26. Qxb7
Qe5 27. h3 g6 28. Qb3 Ne6 29. Re1 Kg7 30. Qb4 Qd4 31. Qxd4+ Nxd4 32. Rxe4 Ne6
33. Rb4 h5 34. f3 g5 35. g3 Kf6 36. Kf2 Ke5 37. Ke3 Kf5 38. Rb5+ Kf6 39. Ke4
Nf8 40. Rb6+ Ne6 41. Rb5 h4 42. gxh4 gxh4 43. f4 Ke7 44. Rh5 Ng7 45. Rxh4 1-0

[Event "European Youth Chess Championship B10"]
[Site "Prague, Top Hotel Prague"]
[Date "2016.08.19"]
[Round "2.12"]
[White "Yoon, Jacob D"]
[Black "Han, Yichen"]
[Result "1-0"]
[WhiteElo "1823"]
[BlackElo "1627"]
[PlyCount "139"]
[EventDate "2016.08.18"]

1. e4 e5 2. Nf3 Nc6 3. Bb5 a6 4. Ba4 Nf6 5. O-O Be7 6. Re1 b5 7. Bb3 O-O 8. h3
d6 9. c3 d5 10. exd5 Nxd5 11. Nxe5 Nxe5 12. Rxe5 c6 13. d3 Bd6 14. Re1 Bb7 15.
Nd2 Kh8 16. Ne4 f5 17. Bxd5 cxd5 18. Nxd6 Qxd6 19. Qf3 f4 20. d4 Rf5 21. Bd2
Raf8 22. Re2 Bc6 23. Rae1 Bd7 24. Re5 g5 25. Re7 R8f7 26. Rxf7 Rxf7 27. Re5 Rf5
28. Rxf5 Bxf5 29. h4 g4 30. Qxf4 Qxf4 31. Bxf4 Kg7 32. Kh2 Kg6 33. Kg3 Be6 34.
Bc7 Kf5 35. Bd8 h5 36. f3 gxf3 37. gxf3 Bf7 38. Kf2 Bg6 39. Ke3 Bh7 40. Bg5 Bg6
41. Kd2 Ke6 42. b3 Bb1 43. Kc1 Bd3 44. Kb2 Kd7 45. Ka3 a5 46. Kb2 Be2 47. f4
Bg4 48. Kc2 Bf5+ 49. Kb2 Be6 50. a4 bxa4 51. bxa4 Kc8 52. Kb3 Kd7 53. Bf6 Ke8
54. Be5 Kd7 55. Bb8 Kc6 56. Ba7 Kb7 57. Bc5 Kc6 58. Be7 Kd7 59. Bb4 axb4 60.
cxb4 Kc7 61. b5 Bd7 62. Kb4 Kb6 63. a5+ Ka7 64. Kc5 Kb7 65. b6 Be6 66. Kd6 Bc8
67. Kxd5 Ka6 68. Kc6 Bb7+ 69. Kc7 Be4 70. f5 1-0

[Event "European Youth Chess Championship B10"]
[Site "Prague, Top Hotel Prague"]
[Date "2016.08.19"]
[Round "2.13"]
[White "Creanga, Robert-Ionut"]
[Black "Pidluznij, Gleb"]
[Result "1/2-1/2"]
[WhiteElo "1809"]
[BlackElo "1617"]
[PlyCount "102"]
[EventDate "2016.08.18"]

1. e4 e6 2. d4 d5 3. Nd2 c5 4. exd5 Qxd5 5. Ngf3 cxd4 6. Bc4 Qd6 7. O-O Nc6 8.
Nb3 Nf6 9. Nbxd4 Nxd4 10. Nxd4 a6 11. Bb3 Qc7 12. Qf3 Bd6 13. h3 O-O 14. Bg5
Be5 15. c3 Bd7 16. Rfe1 h6 17. Bh4 Rfd8 18. Qe2 Bxd4 19. cxd4 Qf4 20. g3 Qf5
21. g4 Qb5 22. Qe5 Qxe5 23. dxe5 g5 24. Bxg5 hxg5 25. exf6 Kh7 26. Bc2+ Kh6 27.
Be4 Bc6 28. Bxc6 bxc6 29. Red1 Kg6 30. Rac1 Rd5 31. Kf1 Kxf6 32. Ke2 Rc8 33.
Rxd5 exd5 34. b4 Ke6 35. Rc5 Kd6 36. Ra5 Rb8 37. a3 Ra8 38. Ke3 Kc7 39. Kd4 Kb6
40. Rc5 f6 41. Rc3 Re8 42. Rf3 Re4+ 43. Kd3 Re6 44. a4 a5 45. bxa5+ Kxa5 46.
Re3 Rxe3+ 47. Kxe3 Kxa4 48. f4 c5 49. h4 gxf4+ 50. Ke2 f3+ 51. Kxf3 c4 1/2-1/2

[Event "European Youth Chess Championship B10"]
[Site "Prague, Top Hotel Prague"]
[Date "2016.08.19"]
[Round "2.14"]
[White "Mitusov, Semen"]
[Black "Akin, Yagiz Cinar"]
[Result "1-0"]
[WhiteElo "1783"]
[BlackElo "1607"]
[PlyCount "43"]
[EventDate "2016.08.18"]

1. e4 c5 2. d4 cxd4 3. c3 dxc3 4. Nxc3 Nc6 5. Nf3 d6 6. Bc4 Nf6 7. O-O e6 8.
Qe2 Be7 9. Rd1 d5 10. Be3 O-O 11. h3 a6 12. Rac1 Qa5 13. Bb3 b5 14. Nxd5 Nxd5
15. Bxd5 Bb7 16. Bxc6 Bxc6 17. Rxc6 Qxa2 18. Bg5 Bxg5 19. Nxg5 h6 20. Nf3 Rac8
21. Rcd6 Rfe8 22. Nh4 1-0

[Event "European Youth Chess Championship B10"]
[Site "Prague, Top Hotel Prague"]
[Date "2016.08.19"]
[Round "2.15"]
[White "Chyzy, Jakub"]
[Black "Kolchin, Maxim"]
[Result "1-0"]
[WhiteElo "1775"]
[BlackElo "1590"]
[PlyCount "111"]
[EventDate "2016.08.18"]

1. e4 e5 2. Nf3 Nc6 3. Bb5 a6 4. Ba4 Nf6 5. O-O Be7 6. Re1 b5 7. Bb3 O-O 8. h3
Bb7 9. c3 d6 10. d3 Na5 11. Bc2 c5 12. Nbd2 Rc8 13. Nf1 Nd7 14. Ng3 g6 15. Nh2
Bg5 16. Ng4 h5 17. Nh6+ Kh7 18. Nhf5 h4 19. Nxd6 hxg3 20. Nxc8 gxf2+ 21. Kxf2
Bxc8 22. Kg1 Bh4 23. Rf1 Nf6 24. Be3 Nb7 25. d4 cxd4 26. cxd4 Qb6 27. Rf3 Rd8
28. d5 Qc7 29. g3 Bxh3 30. gxh4 Bg4 31. Rc1 Qa5 32. Qf1 Bxf3 33. Qxf3 Kg7 34.
Rf1 Rd6 35. Qg3 Nd7 36. Qg5 Rf6 37. Bb3 Qb4 38. Qh6+ Kg8 39. Rxf6 Nxf6 40. d6
Nxd6 41. Qxg6+ Kf8 42. Qxf6 Qe1+ 43. Kh2 Qe2+ 44. Qf2 Qxf2+ 45. Bxf2 Nxe4 46.
Be1 Ke7 47. Bd5 Nf6 48. Bb7 Nh5 49. Bxa6 f5 50. Bxb5 e4 51. a4 f4 52. a5 Kd6
53. a6 Kc7 54. Ba5+ Kb8 55. Bb6 e3 56. Bc6 1-0